| 000 | 02498cam a22005294a 4500 | ||
|---|---|---|---|
| 001 | muse33842 | ||
| 003 | MdBmJHUP | ||
| 005 | 20210127151054.0 | ||
| 006 | m o d | ||
| 007 | cr||||||||nn|n | ||
| 008 | 070104s2007 ohu o 00 0 eng d | ||
| 010 | _z 2007000236 | ||
| 020 | _a9780814272282 | ||
| 020 | _a0814272282 | ||
| 020 | _z9780814210574 (cloth : alk. paper) | ||
| 020 | _z0814210570 (cloth : alk. paper) | ||
| 035 | _a(OCoLC)1229137906 | ||
| 040 |
_aMdBmJHUP _cMdBmJHUP |
||
| 050 | 0 | 4 |
_aPR878.N3557 _bK64 2007 |
| 082 | 0 |
_a823/.809358 _222 |
|
| 100 | 1 | _aKoenigsberger, Kurt. | |
| 245 | 1 | 4 |
_aThe Novel and the Menagerie _bTotality, Englishness, and Empire / _cKurt Koenigsberger. |
| 264 | 1 | _bOhio State University Press, | |
| 264 | 3 | _bProject MUSE, | |
| 300 |
_a1 online resource (xvi, 278 p.) : _bill., map ; |
||
| 504 | _aIncludes bibliographical references (p. 245-259) and index. | ||
| 505 | 0 | _aThe novel as zoo: animal stories and English style -- Picturing Britannia's menagerie: the aesthetics of the imperial whole -- Circuses in cabinets: the Victorian novelist as beast tamer -- Elephants in the labyrinth of empire: Arnold Bennett, modernism, and the menagerie -- Monsters on the verandah of realism: Virginia Woolf's empire exhibition -- The "Anglepoised" novel after empire: English creatures and postcolonial exhibition -- Small islands, frozen arks. | |
| 506 | 0 |
_aOpen Access _fUnrestricted online access _2star |
|
| 588 | _aDescription based on print version record. | ||
| 650 | 0 | _aImperialism in literature. | |
| 650 | 0 | _aSocial institutions in literature. | |
| 650 | 0 |
_aLiterature and society _zGreat Britain _xHistory _y20th century. |
|
| 650 | 0 |
_aLiterature and society _zGreat Britain _xHistory _y19th century. |
|
| 650 | 0 | _aWhole and parts (Philosophy) in literature. | |
| 650 | 0 | _aIdentity (Philosophical concept) in literature. | |
| 650 | 0 | _aNational characteristics, English, in literature. | |
| 650 | 0 |
_aEnglish fiction _y20th century _xHistory and criticism. |
|
| 650 | 0 |
_aEnglish fiction _y19th century _xHistory and criticism. |
|
| 655 | 7 |
_aElectronic books. _2local |
|
| 710 | 2 |
_aProject Muse. _edistributor |
|
| 830 | 0 | _aBook collections on Project MUSE. | |
| 856 | 4 | 0 |
_zFull text available: _uhttps://muse.jhu.edu/book/28039/ |
| 999 |
_c24498 _d24498 |
||